000 00768cam a2200253 a 4500
001 1916806
003 Ke-BoTe
005 20220510095441.0
008 851001s1985 nyua b 000 0 eng
010 _a 85063039
020 _a087975303X
040 _aDLC
_cDLC
_dDLC
050 0 0 _aR733
_b.E93 1985
082 0 0 _a610
_219
245 0 0 _aExamining holistic medicine /
_cedited by Douglas Stalker and Clark Glymour.
260 _aBuffalo, N.Y. :
_bPrometheus Books,
_c1985.
300 _a406 p. :
_bill. ;
_c24 cm.
504 _aBibliography: p. 393-400.
650 0 _aHolistic medicine.
_94059
700 1 _aStalker, Douglas Frank,
_d1947-
_94737
700 1 _aGlymour, Clark N.
_94738
906 _a7
_bcbc
_corignew
_d2
_eopcn
_f19
_gy-gencatlg
942 _2lcc
_cBK
_n0
999 _c2382
_d2382